000 nam a22 7a 4500
999 _c15464
_d15464
008 161101b xxu||||| |||| 00| 0 eng d
100 _aMukhwana, E.
245 _aState of post graduate research and training in Kenya
260 _aNairobi :
_bCommission for University.,
_c2016.
300 _axi, 45p. :
_bill;
_c25cm.
700 _aOure, S
942 _2lcc
_cSH_L_BOOKS